Daily Capital City Riddle #127 - Statistics

General Stats
  • This quiz has been taken 34 times
  • The average score is 27 of 32
Answer Stats
Type Answer % Correct
Correctly Placed Letter A
100%
Found Letter A
100%
Alphabet Letter I
100%
Alphabet Letter S
100%
Alphabet Letter O
96%
Alphabet Letter P
96%
Found Letter R
96%
Found Letter D
93%
Alphabet Letter T
93%
Alphabet Letter U
93%
Alphabet Letter C
89%
Found Letter K
89%
Alphabet Letter L
89%
Alphabet Letter M
89%
Alphabet Letter N
89%
Correctly Placed Letter A
86%
Alphabet Letter B
86%
Alphabet Letter E
86%
Alphabet Letter Y
86%
Alphabet Letter G
82%
Alphabet Letter H
82%
Alphabet Letter W
82%
Correctly Placed Letter D
79%
Correctly Placed Letter K
79%
Alphabet Letter V
79%
Alphabet Letter J
71%
Alphabet Letter Q
71%
Alphabet Letter Z
71%
Mystery Capital Dakar
68%
Alphabet Letter F
68%
Correctly Placed Letter R
68%
Alphabet Letter X
68%
No matching quizzes found
Score Distribution
Percent of People with Each Score
Percentile by Number Answered
Your Score History
You have not taken this quiz